00530nam a22001697a 45000050016000000100014000160200026000300350010000560370013000660820012000791000022000912450121001132600040002342700040002743000027003145000019003412010073007457.0 aENG-97388 a9788131718520c530.00 a80921 bDBAD/VAN a658.155 aDamodaran, Aswath aThe dark side of valuation :bvaluing old technology new technology and new economy companies /cby Aswath Damodaran aNew DelhibDorling Kindersleyc2009 a482,F I E PatparganjbDelhie110092 axvii,479pc21cm. (pbk) aincludes index